000 00456nam a22001937a 4500
005 20230927154344.0
008 230926b |||||||| |||| 00| 0 eng d
020 _a9780070583773
082 _a621.31042
_bKOT-E
100 _aKothari,D P
245 _aElectrric Machine
250 _a3rd.ed
260 _aIndia
_bTata McGraw-Hill
_c2006
300 _a834
500 _aInclude Index
650 _aEngineering
700 _aD P Kothari
999 _c33724
_d33724